[Event "SLO-chT2 West"]
[Site "Ljubljana"]
[Date "2014.11.09"]
[Round "9.2"]
[White "Sadikov, Aleksander"]
[Black "Vandersmissen, Mathie"]
[Result "0-1"]
[WhiteElo "1981"]
[BlackElo "2117"]
[PlyCount "88"]
[EventDate "2014.10.17"]
[EventType "team-tourn"]
[EventRounds "9"]
[EventCountry "SLO"]
[SourceTitle "EXT 2019"]
[Source "ChessBase"]
[SourceDate "2018.10.10"]
[SourceVersion "1"]
[SourceVersionDate "2018.10.10"]
[SourceQuality "1"]
[WhiteTeam "Ljubljana KC"]
[BlackTeam "Posocje"]
[WhiteTeamCountry "SLO"]
[BlackTeamCountry "SLO"]

1. e4 e5 2. Nf3 Nc6 3. d4 exd4 4. Nxd4 Nf6 5. Nxc6 bxc6 6. e5 Nd5 7. c4 Nb6 8. Bd3 Bb4+ 9. Nd2 a5 10. a3 Bc5 11. 0-0 a4 12. Qg4 Kf8 13. Qh5 d5 14. exd6 Ra5 15. Qf3 Bxd6 16. Ne4 Bxh2+ 17. Kh1 Rf5 18. Qh3 Be5 19. g4 Rf4 20. Bxf4 Bxf4 21. Kg2 h5 22. Be2 Be5 23. Rad1 Qe7 24. Qd3 Bd7 25. g5 Bxb2 26. Bf3 Bxa3 27. Rfe1 Qb4 28. Rb1 Bb2 29. Nc5 Qxc5 30. Rxb2 Qxg5+ 31. Kh1 Be6 32. Re5 Qh4+ 33. Kg1 g6 34. Bxc6 Nxc4 35. Rb8+ Kg7 36. Reb5 Rxb8 37. Rxb8 Ne5 38. Qc3 Qf6 39. Kf1 a3 40. Qxa3 Bc4+ 41. Kg2 Qxc6+ 42. Kg1 Nf3+ 43. Kh1 Nh4+ 44. f3 Qxf3+ 0-1

[Event "SLO-chT2 West"]
[Site "Ljubljana"]
[Date "2014.10.17"]
[Round "1.3"]
[White "Sadikov, Aleksander"]
[Black "Grein, Bogomir"]
[Result "1-0"]
[WhiteElo "1981"]
[BlackElo "1778"]
[PlyCount "109"]
[EventDate "2014.10.17"]
[EventType "team-tourn"]
[EventRounds "9"]
[EventCountry "SLO"]
[SourceTitle "EXT 2019"]
[Source "ChessBase"]
[SourceDate "2018.10.10"]
[SourceVersion "1"]
[SourceVersionDate "2018.10.10"]
[SourceQuality "1"]
[WhiteTeam "Ljubljana KC"]
[BlackTeam "Piran"]
[WhiteTeamCountry "SLO"]
[BlackTeamCountry "SLO"]

1. e4 d6 2. d4 c6 3. c4 Qc7 4. Nc3 e5 5. h3 Nf6 6. Bg5 Be7 7. Nf3 Nbd7 8. Bd3 Nf8 9. d5 Ng6 10. Qd2 h6 11. Be3 Nh5 12. g3 c5 13. Be2 Nf6 14. Ng1 Bd7 15. f4 exf4 16. gxf4 a6 17. Nf3 0-0-0 18. 0-0-0 Rhe8 19. Bd3 Bf8 20. e5 dxe5 21. Bxg6 fxg6 22. fxe5 Nh5 23. Qf2 Kb8 24. e6 Bc8 25. Ne4 b6 26. Nh4 g5 27. Ng6 Bd6 28. Nxd6 Qxd6 29. Rhe1 Ka8 30. h4 g4 31. Qf5 Nf6 32. Bf4 Bxe6 33. dxe6 Qc6 34. Rxd8+ Rxd8 35. e7 Rd4 36. b3 Ne8 37. Qe6 Kb7 38. Qxc6+ Kxc6 39. Rd1 Rxd1+ 40. Kxd1 Kd7 41. Ke2 Ke6 42. h5 Kf5 43. Ke3 Ke6 44. Bb8 b5 45. Kf4 Nf6 46. Kg3 Nxh5+ 47. Kxg4 Nf6+ 48. Kf3 Kf7 49. Nf4 bxc4 50. bxc4 g5 51. Nd5 Nd7 52. Bd6 h5 53. a4 a5 54. Ke4 g4 55. Kf5 1-0

[Event "SLO-chT2 West"]
[Site "Ljubljana"]
[Date "2013.11.16"]
[Round "8.3"]
[White "Kocevar, Tugomir"]
[Black "Sadikov, Aleksander"]
[Result "1-0"]
[WhiteElo "1993"]
[BlackElo "2007"]
[PlyCount "111"]
[EventDate "2013.11.08"]
[EventType "team"]
[EventRounds "9"]
[EventCountry "SLO"]
[SourceTitle "EXT 2015"]
[Source "ChessBase"]
[SourceDate "2014.11.20"]
[SourceVersion "1"]
[SourceVersionDate "2014.11.20"]
[SourceQuality "1"]
[WhiteTeam "Radovljica"]
[BlackTeam "Lojz Kraigher"]
[WhiteTeamCountry "SLO"]
[BlackTeamCountry "SLO"]

1. e4 c5 2. c3 Nf6 3. e5 Nd5 4. d4 cxd4 5. cxd4 d6 6. Nf3 Nc6 7. Be2 e6 8. 0-0 Be7 9. Re1 0-0 10. Bd2 a6 11. Nc3 Nxc3 12. Bxc3 dxe5 13. dxe5 Nb4 14. Qb3 Nd5 15. Rad1 b5 16. Nd4 Qb6 17. Nc2 Nxc3 18. Qxc3 Bb7 19. Qg3 Rac8 20. Ne3 Rfd8 21. Bf3 Bxf3 22. Qxf3 Qc6 23. Qxc6 Rxc6 24. f4 h5 25. Kf2 g5 26. Kf3 Kh7 27. g3 Kg6 28. Ke4 f5+ 29. exf6 Bxf6 30. fxg5 Bxg5 31. Rxd8 Bxd8 32. b3 Bb6 33. Re2 Bxe3 34. Kxe3 Kf5 35. Rf2+ Ke5 36. Rd2 Rc3+ 37. Kf2 Kf5 38. Kg2 e5 39. Kh3 Rc6 40. Kh4 Kg6 41. h3 Re6 42. g4 hxg4 43. Kxg4 Rf6 44. Re2 Rf4+ 45. Kg3 Kf5 46. Rf2 Ke4 47. Rxf4+ exf4+ 48. Kf2 Kf5 49. Kf3 Kg5 50. b4 Kh4 51. Kxf4 Kxh3 52. Ke4 Kg3 53. Kd4 Kf3 54. Kc5 Ke3 55. Kb6 Kd4 56. Kxa6 1-0

[Event "SLO-chT2 West"]
[Site "Ljubljana"]
[Date "2013.11.10"]
[Round "4.3"]
[White "Pucelj, Joze"]
[Black "Sadikov, Aleksander"]
[Result "1/2-1/2"]
[WhiteElo "2100"]
[BlackElo "2007"]
[PlyCount "46"]
[EventDate "2013.11.08"]
[EventType "team"]
[EventRounds "9"]
[EventCountry "SLO"]
[SourceTitle "EXT 2015"]
[Source "ChessBase"]
[SourceDate "2014.11.20"]
[SourceVersion "1"]
[SourceVersionDate "2014.11.20"]
[SourceQuality "1"]
[WhiteTeam "Dolenjske Toplice"]
[BlackTeam "Lojz Kraigher"]
[WhiteTeamCountry "SLO"]
[BlackTeamCountry "SLO"]

1. e4 c5 2. Nf3 e6 3. d4 cxd4 4. Nxd4 Qb6 5. Nb3 Qc7 6. Be3 Nf6 7. Bd3 a6 8. 0-0 b5 9. f4 d6 10. a4 Bb7 11. N1d2 Nbd7 12. axb5 axb5 13. Rxa8+ Bxa8 14. Qa1 Qb7 15. Qa5 Be7 16. Nd4 b4 17. Nb5 0-0 18. Qxb4 Nc5 19. Bxc5 dxc5 20. Qa4 Qd7 21. Nf3 Nxe4 22. Bxe4 Bxe4 23. Qxe4 Qxb5 1/2-1/2

[Event "Ljubljana-chT 66th 1st League"]
[Site "Ljubljana"]
[Date "2013.02.07"]
[Round "4.4"]
[White "Sokac, Stefan"]
[Black "Sadikov, Aleksander"]
[Result "0-1"]
[WhiteElo "1619"]
[BlackElo "1991"]
[PlyCount "52"]
[EventDate "2013.01.10"]
[EventType "team-tourn"]
[EventRounds "9"]
[EventCountry "SLO"]
[SourceTitle "EXT 2022"]
[Source "ChessBase"]
[SourceDate "2021.10.06"]
[SourceVersion "1"]
[SourceVersionDate "2021.10.06"]
[SourceQuality "1"]
[WhiteTeam "Zelenci LPP"]
[BlackTeam "Mentor"]
[WhiteTeamCountry "SLO"]
[BlackTeamCountry "SLO"]

1. e4 c5 2. Nf3 e6 3. d4 cxd4 4. Nxd4 Qb6 5. c3 Nf6 6. Qe2 Nc6 7. Nxc6 bxc6 8. Nd2 a5 9. Nc4 Qc7 10. Qf3 Ba6 11. Bf4 d6 12. e5 Bxc4 13. exf6 Bd5 14. Qd3 e5 15. fxg7 Bxg7 16. Bg3 Rb8 17. Qc2 Qb7 18. b3 c5 19. f3 e4 20. Rd1 0-0 21. Bxd6 Rfe8 22. Bxb8 exf3+ 23. Kf2 fxg2 24. Rg1 gxf1Q+ 25. Rdxf1 Qxb8 26. Qf5 Qxh2+ 0-1

[Event "Ljubljana-chT 63rd Superliga"]
[Site "Ljubljana"]
[Date "2010.03.11"]
[Round "8.3"]
[White "Sadikov, Aleksander"]
[Black "Rebernik, Bostjan"]
[Result "1/2-1/2"]
[WhiteElo "1988"]
[BlackElo "2102"]
[PlyCount "47"]
[EventDate "2010.01.07"]
[EventType "team-tourn"]
[EventRounds "9"]
[EventCountry "SLO"]
[SourceTitle "EXT 2022"]
[Source "ChessBase"]
[SourceDate "2021.10.06"]
[SourceVersion "1"]
[SourceVersionDate "2021.10.06"]
[SourceQuality "1"]
[WhiteTeam "Mentor"]
[BlackTeam "Domzale SD"]
[WhiteTeamCountry "SLO"]
[BlackTeamCountry "SLO"]

1. e4 c5 2. c3 d5 3. exd5 Qxd5 4. d4 e6 5. Nf3 Nf6 6. Be2 Nc6 7. Na3 cxd4 8. Nb5 Qd8 9. Nbxd4 Nxd4 10. cxd4 Bb4+ 11. Bd2 Bxd2+ 12. Qxd2 0-0 13. Ne5 Bd7 14. Bf3 Nd5 15. 0-0 Rc8 16. Rac1 Bc6 17. Rc5 Qd6 18. Rfc1 Ne7 19. Qc3 Rfd8 20. Bxc6 Nxc6 21. Nxc6 Rxc6 22. Rxc6 bxc6 23. Qxc6 Qxd4 24. Qc2 1/2-1/2

[Event "Ljubljana-chT 63rd Superliga"]
[Site "Ljubljana"]
[Date "2010.01.21"]
[Round "3.3"]
[White "Debevec, Blaz"]
[Black "Sadikov, Aleksander"]
[Result "1/2-1/2"]
[WhiteElo "2029"]
[BlackElo "1988"]
[PlyCount "206"]
[EventDate "2010.01.07"]
[EventType "team-tourn"]
[EventRounds "9"]
[EventCountry "SLO"]
[SourceTitle "EXT 2022"]
[Source "ChessBase"]
[SourceDate "2021.10.06"]
[SourceVersion "1"]
[SourceVersionDate "2021.10.06"]
[SourceQuality "1"]
[WhiteTeam "Komenda Popotnik"]
[BlackTeam "Mentor"]
[WhiteTeamCountry "SLO"]
[BlackTeamCountry "SLO"]

1. e4 c5 2. Nc3 Nc6 3. Nge2 e6 4. d4 cxd4 5. Nxd4 a6 6. g3 Nf6 7. Bg2 d6 8. Nxc6 bxc6 9. e5 Nd5 10. exd6 Bxd6 11. Ne4 Bb4+ 12. c3 Be7 13. 0-0 0-0 14. c4 Nb4 15. Qe2 Qd3 16. Qxd3 Nxd3 17. Rd1 Rd8 18. Bf1 Nxc1 19. Rxd8+ Bxd8 20. Rxc1 e5 21. Rd1 Be7 22. b3 Bg4 23. Rd3 a5 24. Nc3 Bc5 25. Bg2 Rc8 26. h3 Bf5 27. Ne4 Bd4 28. Rxd4 exd4 29. Nd6 c5 30. Nxf5 Re8 31. Kf1 Re6 32. Bd5 Ra6 33. Ke2 g6 34. Nh6+ Kf8 35. Nxf7 a4 36. Ne5 axb3 37. axb3 Ke7 38. b4 Ra2+ 39. Kd3 cxb4 40. Nc6+ Kd7 41. Nxb4 Rxf2 42. c5 Rf1 43. Kxd4 Ra1 44. Bf3 Ra3 45. Nd3 h5 46. h4 Ke6 47. Be4 Ra4+ 48. Ke3 Kf6 49. c6 g5 50. hxg5+ Kxg5 51. Nc5 Rc4 52. Na6 Kg4 53. c7 Kxg3 54. Bb7 Rc3+ 55. Kd4 Rxc7 56. Nxc7 Kf4 57. Kd3 Ke5 58. Nb5 h4 59. Ke3 h3 60. Nc3 h2 61. Kf2 h1R 62. Bxh1 Kd4 63. Nd1 Kd3 64. Ne3 Kd2 65. Be4 Kc3 66. Nf5 Kd2 67. Kf3 Kc3 68. Ke3 Kc4 69. Ba8 Kc3 70. Bd5 Kc2 71. Bc4 Kc3 72. Bd3 Kb3 73. Nd6 Kc3 74. Ne4+ Kb3 75. Kd4 Kb4 76. Bc4 Ka4 77. Nf6 Kb4 78. Nd5+ Ka4 79. Kc3 Ka3 80. Nb4 Ka4 81. Nd3 Ka3 82. Bd5 Ka4 83. Kc4 Ka3 84. Kc5 Ka4 85. Kc4 Ka3 86. Kc3 Ka4 87. Bc4 Ka3 88. Ne5 Ka4 89. Bb3+ Kb5 90. Nd3 Kc6 91. Kd4 Kd6 92. Bd5 Kd7 93. Ke5 Ke7 94. Nc5 Ke8 95. Ke6 Kf8 96. Kf6 Ke8 97. Bf7+ Kd8 98. Ke6 Kc7 99. Kd5 Kb6 100. Be8 Kc7 101. Na4 Kd8 102. Bb5 Ke7 103. Ke5 Kf7 1/2-1/2

[Event "Ljubljana-chT 63rd Superliga"]
[Site "Ljubljana"]
[Date "2010.01.08"]
[Round "1.3"]
[White "Hiti, Domen"]
[Black "Sadikov, Aleksander"]
[Result "1-0"]
[WhiteElo "1924"]
[BlackElo "1988"]
[PlyCount "43"]
[EventDate "2010.01.07"]
[EventType "team-tourn"]
[EventRounds "9"]
[EventCountry "SLO"]
[SourceTitle "EXT 2022"]
[Source "ChessBase"]
[SourceDate "2021.10.06"]
[SourceVersion "1"]
[SourceVersionDate "2021.10.06"]
[SourceQuality "1"]
[WhiteTeam "Ig"]
[BlackTeam "Mentor"]
[WhiteTeamCountry "SLO"]
[BlackTeamCountry "SLO"]

1. d4 d5 2. c4 e6 3. Nc3 Nf6 4. Nf3 c6 5. Bg5 Be7 6. e3 0-0 7. Bd3 Nbd7 8. Qc2 dxc4 9. Bxc4 Nd5 10. Bxe7 Qxe7 11. e4 Nxc3 12. bxc3 e5 13. 0-0 exd4 14. cxd4 c5 15. d5 Re8 16. Rfe1 a6 17. e5 b5 18. d6 Qd8 19. Bd5 Rb8 20. h4 h6 21. Qg6 Rf8 22. Bxf7+ 1-0

[Event "SLO-chT2 West"]
[Site "Postojna"]
[Date "2009.11.08"]
[Round "9.3"]
[White "Sadikov, Aleksander"]
[Black "Slejko, Vladimir"]
[Result "0-1"]
[WhiteElo "1998"]
[BlackElo "1989"]
[PlyCount "66"]
[EventDate "2009.10.23"]
[EventType "team-tourn"]
[EventRounds "9"]
[EventCountry "SLO"]
[SourceTitle "EXT 2010"]
[Source "ChessBase"]
[SourceDate "2010.11.25"]
[SourceVersion "1"]
[SourceVersionDate "2010.11.25"]
[SourceQuality "1"]
[WhiteTeam "Lojz Kraigher"]
[BlackTeam "Postojna"]
[WhiteTeamCountry "SLO"]
[BlackTeamCountry "SLO"]

1. e4 g6 2. d4 Bg7 3. Nc3 b6 4. Be3 Bb7 5. f3 d6 6. Qd2 Nd7 7. Bc4 Ngf6 8. Nge2 0-0 9. Bh6 c5 10. Bxg7 Kxg7 11. g4 cxd4 12. Nxd4 Ne5 13. Bb3 Rc8 14. 0-0-0 Nc4 15. Bxc4 Rxc4 16. h4 h5 17. gxh5 Nxh5 18. Nf5+ Kf6 19. Qg5+ Ke6 20. Ne3 Rc5 21. Qg4+ Kf6 22. Ncd5+ Bxd5 23. exd5 Kg7 24. Nf5+ Kh7 25. Qg5 e6 26. Qh6+ Kg8 27. Ne3 Qf6 28. Rhg1 Nf4 29. Rd2 Rfc8 30. h5 Rb5 31. c3 Rxc3+ 32. bxc3 Qxc3+ 33. Nc2 Qb2+ 0-1

[Event "SLO-chT2 West"]
[Site "Postojna"]
[Date "2009.11.07"]
[Round "7.5"]
[White "Sadikov, Aleksander"]
[Black "Leben, Dusan"]
[Result "1-0"]
[WhiteElo "1998"]
[BlackElo "1735"]
[PlyCount "155"]
[EventDate "2009.10.23"]
[EventType "team-tourn"]
[EventRounds "9"]
[EventCountry "SLO"]
[SourceTitle "EXT 2010"]
[Source "ChessBase"]
[SourceDate "2010.11.25"]
[SourceVersion "1"]
[SourceVersionDate "2010.11.25"]
[SourceQuality "1"]
[WhiteTeam "Lojz Kraigher"]
[BlackTeam "Podpec"]
[WhiteTeamCountry "SLO"]
[BlackTeamCountry "SLO"]

1. e4 e5 2. Nf3 Nc6 3. d4 exd4 4. Nxd4 Nxd4 5. Qxd4 d6 6. Nc3 Nf6 7. Bg5 Be7 8. f3 Be6 9. 0-0-0 a6 10. g4 h6 11. Bf4 Nd7 12. Kb1 f6 13. Nd5 Ne5 14. Qc3 Nc6 15. Qb3 Qc8 16. Bc4 Bd7 17. Ne3 Ne5 18. Bxe5 fxe5 19. Bg8 Bf6 20. Nf5 Bxf5 21. Bf7+ Ke7 22. gxf5 c6 23. Rd2 Rf8 24. Be6 Qc7 25. Rg1 Ke8 26. Rgd1 Rd8 27. Qa3 Be7 28. Rg2 Bf6 29. Qb3 Ra8 30. c4 b6 31. Rgd2 Rd8 32. Qa3 Ke7 33. Rg2 a5 34. Qe3 Rb8 35. Qg1 Ke8 36. Rgd2 Ke7 37. Qg6 Rbe8 38. Qg1 Rb8 39. Rg2 Ke8 40. Qf2 Rb7 41. Rg4 Rb8 42. Qd2 Ke7 43. Rdg1 Ke8 44. Qg2 Rb7 45. Qd2 Rb8 46. Kc2 Kd8 47. Rd1 Ke7 48. Rg2 Rbd8 49. Qc3 Rb8 50. Rgd2 Rbd8 51. Rd3 Rh8 52. Kd2 Rhe8 53. Ke2 Rf8 54. Qa3 Ke8 55. Rxd6 Rxd6 56. Qxd6 Qxd6 57. Rxd6 Be7 58. Rxc6 Bc5 59. Rc7 Be7 60. Rb7 Bc5 61. Rxg7 Rf6 62. Rh7 Be7 63. Rh8+ Bf8 64. a3 Ke7 65. b4 axb4 66. axb4 Kd6 67. Kd3 Be7 68. Rh7 Bf8 69. Rb7 Kc6 70. Bd5+ Kd6 71. Rxb6+ Ke7 72. Rb7+ Kd8 73. Be6 Ke8 74. c5 h5 75. c6 Bd6 76. c7 Bxc7 77. Rxc7 Rh6 78. b5 1-0

[Event "SLO-chT2 West"]
[Site "Postojna"]
[Date "2009.11.06"]
[Round "6.3"]
[White "Jukan, Nesib"]
[Black "Sadikov, Aleksander"]
[Result "1/2-1/2"]
[WhiteElo "1943"]
[BlackElo "1998"]
[PlyCount "101"]
[EventDate "2009.10.23"]
[EventType "team-tourn"]
[EventRounds "9"]
[EventCountry "SLO"]
[SourceTitle "EXT 2010"]
[Source "ChessBase"]
[SourceDate "2010.11.25"]
[SourceVersion "1"]
[SourceVersionDate "2010.11.25"]
[SourceQuality "1"]
[WhiteTeam "Trzin"]
[BlackTeam "Lojz Kraigher"]
[WhiteTeamCountry "SLO"]
[BlackTeamCountry "SLO"]

1. d4 d5 2. Bg5 h6 3. Bh4 Bf5 4. e3 Qd6 5. Nd2 Nf6 6. Ngf3 c6 7. c4 Nbd7 8. Qb3 Qc7 9. Bd3 Bxd3 10. Qxd3 e6 11. 0-0 Bd6 12. e4 dxe4 13. Nxe4 Nxe4 14. Qxe4 0-0 15. c5 Bf4 16. g3 g5 17. gxf4 gxh4 18. f5 exf5 19. Qxf5 Rae8 20. Rae1 Qd8 21. Kh1 Kh8 22. Qf4 Qf6 23. Qxf6+ Nxf6 24. Nxh4 Rd8 25. Nf5 Rd5 26. Re5 Rxe5 27. dxe5 Nd7 28. Nxh6 Nxe5 29. Re1 Nd3 30. Re7 Nxc5 31. Nxf7+ Kg7 32. Nd6+ Kf6 33. Re3 b6 34. Rf3+ Kg7 35. Rxf8 Kxf8 36. Nc8 Ke8 37. Nd6+ Kd7 38. Nc4 Nd3 39. h4 b5 40. Na5 Nxf2+ 41. Kg2 Nd3 42. b3 c5 43. Kf3 Ke6 44. h5 Kf5 45. Nb7 a6 46. Ke3 Nc1 47. Nxc5 Nxa2 48. Nxa6 Nc1 49. b4 Na2 50. Kd4 Kg5 51. Kc5 1/2-1/2

[Event "Ljubljana-chT"]
[Site "Gostovanja"]
[Date "2009.03.12"]
[Round "9.4"]
[White "Bukovec, Tomaz"]
[Black "Sadikov, Aleksander"]
[Result "0-1"]
[WhiteElo "1505"]
[BlackElo "1998"]
[PlyCount "78"]
[EventDate "2009.01.08"]
[EventType "team-tourn"]
[EventRounds "9"]
[EventCountry "SLO"]
[SourceTitle "EXT 2011"]
[Source "ChessBase"]
[SourceDate "2010.11.26"]
[SourceVersion "1"]
[SourceVersionDate "2010.11.26"]
[SourceQuality "1"]

1. e4 c5 2. Nf3 e6 3. d4 cxd4 4. Nxd4 Qb6 5. Nb3 Qc7 6. Nc3 a6 7. Be3 b5 8. Bd3 Nf6 9. Qe2 Bb7 10. f3 d5 11. exd5 Nxd5 12. Nxd5 Bxd5 13. Be4 Bc4 14. Bd3 Bxd3 15. Qxd3 Nc6 16. 0-0-0 Nb4 17. Qd2 Nxa2+ 18. Kb1 Nb4 19. Bb6 Qc8 20. Ba5 Nd5 21. Rhe1 Be7 22. f4 0-0 23. f5 Qc4 24. fxe6 fxe6 25. Qe2 Qxe2 26. Rxe2 Nf4 27. Rf2 Nd5 28. Re2 Bd8 29. Bd2 Re8 30. Nd4 e5 31. Nf5 Bc7 32. Ba5 Nf4 33. Bxc7 Nxe2 34. Rd7 Nd4 35. Nxg7 Rf8 36. Bxe5 Nc6 37. Bc3 b4 38. Nf5 Rxf5 39. Rg7+ Kf8 0-1

[Event "SLO-chT2 West"]
[Site "Kranj"]
[Date "2008.10.12"]
[Round "4.4"]
[White "Sadikov, Aleksander"]
[Black "Ursic, Simona"]
[Result "1/2-1/2"]
[WhiteElo "2005"]
[BlackElo "2080"]
[PlyCount "41"]
[EventDate "2008.10.11"]
[EventType "team-swiss"]
[EventRounds "9"]
[EventCountry "SLO"]
[SourceTitle "EXT 2010"]
[Source "ChessBase"]
[SourceDate "2010.11.25"]
[SourceVersion "1"]
[SourceVersionDate "2010.11.25"]
[SourceQuality "1"]
[WhiteTeam "Lojz Kraigher"]
[BlackTeam "Hidria Tolmin"]
[WhiteTeamCountry "SLO"]
[BlackTeamCountry "SLO"]

1. e4 e5 2. Nf3 Nc6 3. d4 exd4 4. Nxd4 Bc5 5. Nxc6 Qf6 6. Qd2 dxc6 7. Bd3 Ne7 8. Qf4 Bd4 9. Qxf6 Bxf6 10. Nc3 Ng6 11. Be3 Ne5 12. Be2 Be6 13. 0-0-0 Ng4 14. Bxg4 Bxg4 15. f3 Be6 16. Bd4 Bxd4 17. Rxd4 Ke7 18. f4 Rhd8 19. Rhd1 f6 20. a3 Rd6 21. R4d3 1/2-1/2

[Event "SLO-ch qual"]
[Site "Ljubljana"]
[Date "2007.07.05"]
[Round "1"]
[White "Sebenik, Matej"]
[Black "Sadikov, Aleksander"]
[Result "1-0"]
[WhiteElo "2465"]
[BlackElo "1974"]
[PlyCount "75"]
[EventDate "2007.07.05"]
[EventType "swiss"]
[EventRounds "9"]
[EventCountry "SLO"]
[SourceTitle "EXT 2010"]
[Source "ChessBase"]
[SourceDate "2010.11.25"]
[SourceVersion "1"]
[SourceVersionDate "2010.11.25"]
[SourceQuality "1"]

1. c4 e5 2. Nc3 Nf6 3. Nf3 Nc6 4. e3 d5 5. cxd5 Nxd5 6. Qc2 g6 7. a3 Bg7 8. d3 0-0 9. Bd2 a5 10. Be2 Nb6 11. b3 Be6 12. 0-0 f5 13. Rab1 Qe7 14. Nb5 g5 15. h3 Nd5 16. Rfe1 Rf7 17. g3 f4 18. e4 Nb6 19. g4 h5 20. Nh2 hxg4 21. Bxg4 Rd8 22. Rbd1 Bf6 23. Bc3 Rh7 24. Kg2 Nd4 25. Bxd4 exd4 26. Qxc7 Qxc7 27. Bxe6+ Kf8 28. Nxc7 Rxc7 29. Ng4 Be7 30. Ra1 Rc3 31. Red1 Rd6 32. Bc4 Nxc4 33. bxc4 Rb6 34. Ne5 Rbb3 35. a4 Bd6 36. Nf3 Rxd3 37. Nxd4 Rxh3 38. Nxb3 1-0